|
|
|
|
| LEADER |
00939cam a2200241 7i4500 |
| 001 |
0000010485 |
| 005 |
20241017090000.0 |
| 008 |
080403 eng |
| 020 |
|
|
|a 9789833710669 (pbk.)
|
| 020 |
|
|
|a 9833710662 (pbk.)
|
| 090 |
0 |
0 |
|a BP189.4
|b .A88 2006
|
| 100 |
0 |
|
|a Attar, Farid Al-Din
|
| 245 |
1 |
0 |
|a Muslim saints and mystics :
|b episodes from the Tadhkirat al -Auliya' ("Memorial of the Saints")
|c Farid Al-Din Attar ; translated by A.J.Arberry.
|
| 260 |
|
|
|a Batu Caves, Selangor:
|b Masterpiece Pub. Sdn. Bhd.,
|c 2006.
|
| 300 |
|
|
|a xxix, 313 p.;
|c 23 cm.
|
| 500 |
|
|
|a Gift: En. Hasrom Haron
|
| 504 |
|
|
|a Includes bibliographical references
|
| 650 |
0 |
0 |
|a Muslim saints
|
| 650 |
0 |
0 |
|a Sufis
|
| 700 |
1 |
|
|a Arberry, A.J.
|
| 999 |
|
|
|a 0000030089
|b BOK
|c OPEN SHELF
|e 1st Floor, Bestari Jaya
|
| 999 |
|
|
|a 0000030147
|b BOK
|c OPEN SHELF
|e 1st Floor, Bestari Jaya
|
| 999 |
|
|
|a 0000068423
|b BOK
|c OPEN SHELF
|e 1st Floor, Bestari Jaya
|